Word Ladder: Almost Heaven Quiz Stats

 Plays Quiz Updated May 6, 2019

Score 0/30 Timer 04:00
2 Plays Today
Clue Four Letter Word % Correct
Opposite of right LEFT
97.3%
♫ Country roads, ___ me home ♫TAKE
97.1%
Not genuine, counterfeitFAKE
95.1%
Pick upLIFT
93%
Huron or Ontario, e.g.LAKE
92.7%
Gradually grow faint and disappearFADE
90.9%
♫ ___ Ridge mountains ♫BLUE
90.8%
♫ Almost heaven, ___ Virginia ♫WEST
90.6%
DomesticatedTAME
90.4%
♫ ___ is old there ♫LIFE
90%
To approve ofLIKE
89.9%
Adhesive substance GLUE
89.1%
Unconvincingly feebleLAME
88.5%
Small pointed missile that can be thrownDART
86.9%
Town or city with a harbour PORT
86.1%
Clue Four Letter Word % Correct
Amount or sectionPART
85.5%
Having an acidic taste, like a lemonSOUR
85.5%
♫ ___ and dusty ♫DARK
85.3%
With the intention of preventingLEST
84.4%
Make it become unclearBLUR
83.2%
Commonly brown songbird LARK
82.9%
Not have enough of somethingLACK
82.2%
Excessively abundant supply of somethingGLUT
80.7%
Disease common in feetGOUT
80.3%
Run sounds into one anotherSLUR
78.8%
Expression of petulant annoyancePOUT
78.2%
Put cargo on boardLADE
73.9%
♫ Miner's ___, stranger to blue water ♫LADY
64.1%
♫ In the mornin' ___ she calls me ♫HOUR
64%
Made of a weblike fabricLACY
63.2%

Today's Daily Dose

You're not logged in!

Compare scores with friends on all Sporcle quizzes.
OR
Log In

Sporcle TV

Today on Sporcle TV


Watch our educational content, quiz creation guides, and fun videos on Sporcle TV.

Show Comments

Extras

Top Quizzes Today


Score Distribution

Your Account Isn't Verified!

In order to create a playlist on Sporcle, you need to verify the email address you used during registration. Go to your Sporcle Settings to finish the process.

Report this User

Report this user for behavior that violates our Community Guidelines.

Details: